000
00428nam a2200145Ia 4500
008
100122s9999 xx 000 0 und d
082
_b
54004
_a
920
100
_a
बेलसरे केशव वि
245
_a
आनंदसाधना
260
_b
त्रिदल प्रकाशन
_c
1996
300
_a
207
630
_a
आनंदसाधना
730
_a
आनंदसाधना
942
_c
BOOK
999
_c
430912
_d
430909